|
|
|
|
| LEADER |
00000nas1a2200000 4500 |
| 001 |
380124 |
| 005 |
20231101062640.0 |
| 035 |
|
|
|a (RuTPU)RU\TPU\prd\799
|
| 035 |
|
|
|a BOOK00000800
|
| 090 |
|
|
|a 380124
|
| 100 |
|
|
|a 20011210a19231939m y0rusy50 ca
|
| 101 |
0 |
|
|a rus
|
| 102 |
|
|
|a RU
|
| 110 |
|
|
|a aeaz|||0uu0
|
| 200 |
1 |
|
|a Наука и техника
|e популярный научно-технический журнал
|f Ленсовет РК и КД
|
| 210 |
|
|
|a Л.
|c Лениздат
|d 1925-1939
|
| 305 |
|
|
|a Издается с 1923 г.
|
| 318 |
|
|
|5 63413507
|a Космос… Дорога без конца
|b выставка
|
| 326 |
|
|
|a 24 номера в год
|
| 610 |
1 |
|
|a наука
|
| 610 |
1 |
|
|a техника
|
| 610 |
1 |
|
|a изобретения
|
| 610 |
1 |
|
|a астрономия
|
| 610 |
1 |
|
|a природа
|
| 712 |
0 |
2 |
|a Ленсовет РК и КД
|
| 801 |
|
0 |
|a RU
|b 63413507
|c 20011210
|g PSBO
|
| 801 |
|
2 |
|a RU
|b 63413507
|c 20140905
|g PSBO
|
| 942 |
|
|
|c CR
|